| 000 | 00522nam a2200193 a 4500 | ||
|---|---|---|---|
| 001 | 1770285651999 | ||
| 003 | YourLibrary | ||
| 005 | 20260205153741.0 | ||
| 008 | 260205s2000##################000#0#eng## | ||
| 020 | _a9780333779194 | ||
| 082 | 0 | 4 |
_a332.10681 _bSCH |
| 100 | 1 |
_aSchuster, L., _eauthor. |
|
| 245 | 1 | 0 | _aShareholder Value Management in Banks : |
| 260 |
_bPalgrave Macmillan, _c2000. |
||
| 300 | _a188 pages | ||
| 650 | 0 | _aBusiness & Economics. | |
| 942 | _cENGLISH | ||
| 040 |
_aYourLibrary _beng _cYourLibrary |
||
| 999 |
_c610394 _d610394 |
||